Normal view
MARC view
- التعليم الخاص -الاطفال بطيئو التعلم
Entry Topical Term
001 - CONTROL NUMBER
- control field: 25917
003 - CONTROL NUMBER IDENTIFIER
- control field: JO-AjAnu
005 - DATE AND TIME OF LATEST TRANSACTION
- control field: 20230606074425.0
008 - FIXED-LENGTH DATA ELEMENTS
- fixed length control field: 230606|| aca||aabn | a|a d
040 ## - CATALOGING SOURCE
- Original cataloging agency: JO-AjAnu
- Transcribing agency: JO-AjAnu
150 ## - HEADING--TOPICAL TERM
- Topical term or geographic name entry element: التعليم الخاص -الاطفال بطيئو التعلم
670 ## - SOURCE DATA FOUND
- Source citation: Work cat.: (JO-AjAnu)13323: الزريقات ، ابراهيم عبدالله فرج, author 25916, اضطرابات الكلام واللغة التشخيص والعلاج